000 00981cam a2200277 i 4500
008 140702s2015 enk b 001 0 eng
020 _a9780415725323 (hbk : alk. paper)
020 _a9780415725330 (pbk ; alk. paper)
050 0 0 _aNA2599.5
_b.A727 2015
082 0 0 _a720.1
100 _aPreiser F.E Wolfgang
245 0 0 _aArchitecture beyond criticism :
_bexpert judgment and performance evaluation /
_c[edited by] Wolfgang F.E. Preiser, Aaron T. Davis, Ashraf M. Salama, and Andrea Hardy.
260 _aOxon
_bRoutledge
_c2015
300 _axxv 285 pages
_bill.
650 0 _aArchitectural criticism.
650 0 _aArchitectural design.
650 0 _aBuildings
_xPerformance.
650 7 _aARCHITECTURE / General.
650 7 _aARCHITECTURE / Criticism.
650 7 _aARCHITECTURE / Sustainability & Green Design.
700 1 _aPreiser, Wolfgang F. E.,
700 1 _aDavis, Aaron T.,
700 1 _aSalama, Ashraf M. A.,
700 1 _aHardy, Andrea,
942 _cBK
999 _c3494
_d3494